000261432 001__ 261432
000261432 005__ 20240928175434.0
000261432 0247_ $$aG:(GEPRIS)426121593$$d426121593
000261432 035__ $$aG:(GEPRIS)426121593
000261432 040__ $$aGEPRIS$$chttp://gepris.its.kfa-juelich.de
000261432 150__ $$aDie Bedeutung von Warnsignalwegen in Aortenerkrankungen (A02)$$y2019 -
000261432 371__ $$aProfessor Dr. Eicke Latz
000261432 371__ $$aProfessor Dr. Sebastian Zimmer
000261432 450__ $$aDFG project G:(GEPRIS)426121593$$wd$$y2019 -
000261432 5101_ $$0I:(DE-588b)2007744-0$$aDeutsche Forschungsgemeinschaft$$bDFG
000261432 550__ $$0G:(GEPRIS)397484323$$aTRR 259: Aortenerkrankungen$$wt
000261432 680__ $$aDie Entstehung und Progression von Aortenerkrankungen werden maßgeblich durch eine chronische Inflammation verursacht. In der ersten Förderperiode konnten wir zeigen, dass eine spezifische Aktivierung des angeborenen Immunsystems hierfür verantwortlich ist. Projekt A02 wird diese Erkenntnisse vertiefen und die Zellen identifizieren, welche die beobachteten Effekte vermitteln. Es werden therapeutische Ansätze zur Modulation von Signaltransduktionswegen des angeborenen Immunsystems geprüft. Zuletzt wird der Einfluss von Monozyten mit einer pro-inflammatorischen genetischen Prädisposition, der sog. CHIP (clonal haematopoiesis of indeterminate potential), auf die Entstehung von Aortenerkrankungen untersucht.
000261432 909CO $$ooai:juser.fz-juelich.de:928035$$pauthority$$pauthority:GRANT
000261432 909CO $$ooai:juser.fz-juelich.de:928035
000261432 980__ $$aG
000261432 980__ $$aAUTHORITY